LEADER 01749nam0 22003733i 450 001 CAM0027236 005 20251003044105.0 010 $a9788864361611 100 $a20160215d2011 ||||0itac50 ba 101 | $aita 102 $ait 181 1$6z01$ai $bxxxe 182 1$6z01$an 183 1$6z01$anc$2RDAcarrier 200 1 $aˆL'‰Irpinia dell'accoglienza tra desiderio e realtà$fNicola Di Iorio 210 $aGrottaminarda$cDelta 3$d2011 215 $a247 p.$d23 cm 606 $aTurismo$xIrpinia$2FIR$3NAPC300624$9I 676 $a338.47914572$9BENI E SERVIZI. Turismo. Campania$v23 700 1$aDi Iorio$b, Nicola$3TO0V645395$0613214 801 3$aIT$bIT-000000$c20160215 850 $aIT-BN0095 $aIT-AV0007 $aIT-NA0079 $aIT-CE0072 $aIT-AV0193 $aIT-AV0053 $aIT-AV0045 901 $bNAP ME$cSALA A $n$ 901 $bNAP MV$cP $nSALA BIBLIOGRAFIA 901 $bNAP BN$cMAGAZZINO $nmagazzini correnti divisi per anni 901 $bNAP CE$cREGGIA $n$ 901 $bNAP AV$cSEZ. PROV.$nSezione Provinciale 901 $bNAP 01$cPOZZO LIB.$nVi sono collocati fondi di economia, periodici di ingegneria e scienze, periodici di economia e statistica e altri fondi comprendenti documenti di economia pervenuti in dono. 901 $bNAP MN$cS. LOCALE $n$ 912 $aCAM0027236 950 0$aBiblioteca Centralizzata di Ateneo$b1 v.$c1 v.$d 01POZZO LIB.DONI DEMM 440$e 01 0000086455E VMA 1 v. (precedente collocazione: POZZO LIB. F. BENCARDINO 289)$fB $h20220624$i20221125 977 $a 01$a AV$a BN$a CE$a ME$a MN$a MV 996 $aIrpinia dell'accoglienza tra desiderio e realtà$92981812 997 $aUNISANNIO